The end of power : (Record no. 114955)

MARC details
000 -LEADER
campo de control de longitud fija 02078cam a2200373 i 4500
003 - IDENTIFICADOR DE NÚMERO DE CONTROL
campo de control BJBSDDR
005 - FECHA Y HORA DE LA ÚLTIMA TRANSACCIÓN
campo de control 20230411090712.0
007 - CAMPO FIJO DE DESCRIPCIÓN FÍSICA--INFORMACIÓN GENERAL
campo de control de longitud fija ta
008 - DATOS DE LONGITUD FIJA--INFORMACIÓN GENERAL
campo de control de longitud fija 130124s2014 nyu b 001 0 eng
020 ## - NÚMERO INTERNACIONAL ESTÁNDAR DEL LIBRO
Número Internacional Estándar del Libro 9780465065691 (pbk)
020 ## - NÚMERO INTERNACIONAL ESTÁNDAR DEL LIBRO
Número Internacional Estándar del Libro 0465065694 (pbk)
035 ## - NÚMERO DE CONTROL DEL SISTEMA
Número de control de sistema 17601271
040 ## - FUENTE DE CATALOGACIÓN
Centro catalogador/agencia de origen DLC
Lengua de catalogación spa
Centro/agencia transcriptor DLC
041 ## - CÓDIGO DE IDIOMA
Código de lengua del texto/banda sonora o título independiente eng
042 ## - CÓDIGO DE AUTENTICACIÓN
Código de autenticación pcc
050 14 - SIGNATURA TOPOGRÁFICA DE LA BIBLIOTECA DEL CONGRESO
Número de clasificación HN 49
Número de ítem N157e 2014
082 00 - NÚMERO DE LA CLASIFICACIÓN DECIMAL DEWEY
Número de clasificación 303.3
Número de edición 23
100 1# - ENTRADA PRINCIPAL--NOMBRE DE PERSONA
Nombre de persona Naím, Moisés,
Fechas asociadas al nombre 1952-
245 14 - MENCIÓN DEL TÍTULO
Título The end of power :
Resto del título from boardrooms to battlefields and churches to states, why being in charge isn't what it used to be /
Mención de responsabilidad, etc. Moisés Naím.
264 #1 - PRODUCCIÓN, PUBLICACIÓN, DISTRIBUCIÓN, FABRICACIÓN Y COPYRIGHT
Producción, publicación, distribución, fabricación y copyright New York :
Nombre del de productor, editor, distribuidor, fabricante Basic Books, A Member of the Perseus Books Group,
Fecha de producción, publicación, distribución, fabricación o copyright 2014
300 ## - DESCRIPCIÓN FÍSICA
Extensión xiii, 306 p. ;
Dimensiones 21 cm
336 ## - TIPO DE CONTENIDO
Término de tipo de contenido text
Fuente rdacontent
337 ## - TIPO DE MEDIO
Nombre/término del tipo de medio unmediated
Fuente rdamedia
338 ## - TIPO DE SOPORTE
Nombre/término del tipo de soporte volume
Fuente rdacarrier
500 ## - NOTA GENERAL
Nota general Political Paralysis as Collateral Damage of the Decay of Power.
504 ## - NOTA DE BIBLIOGRAFÍA, ETC.
Nota de bibliografía, etc. Includes bibliographical references and index.
505 ## - NOTA DE CONTENIDO CON FORMATO
Nota de contenido con formato The decay of power --<br/>Making sense of power : how it works and how to keep it --<br/>How power got big : an assumption's unquestioned rise --<br/>How power lost its edge : the more, mobility, and mentality revolutions --<br/>Why are landslides, majorities, and mandates endangered species? : the decay of power in national politics --<br/>Pentagons versus pirates : the decaying power of large armies --<br/>Whose world will it be? Vetoes, resistance, and leaks : or why geopolitics is turning upside down --<br/>Business as unusual : corporate dominance under siege --<br/>Hyper-competition for your soul, heart, and brain --<br/>The decay of power : is the glass half-full or half-empty? --<br/>Power is decaying : so what? what to do?
520 ## - RESUMEN, ETC.
Sumario, etc. "The End of Power makes a truly important contribution, persuasively portraying a compelling dynamic of change cutting across multiple game-boards of the global power matrix."-Washington Pos
650 #0 - PUNTO DE ACCESO ADICIONAL DE MATERIA--TÉRMINO DE MATERIA
Término de materia o nombre geográfico como elemento de entrada Power (Social sciences)
650 #0 - PUNTO DE ACCESO ADICIONAL DE MATERIA--TÉRMINO DE MATERIA
Término de materia o nombre geográfico como elemento de entrada Organization.
650 #4 - PUNTO DE ACCESO ADICIONAL DE MATERIA--TÉRMINO DE MATERIA
Término de materia o nombre geográfico como elemento de entrada Poder (Ciencias sociales)
9 (RLIN) 1318
650 #4 - PUNTO DE ACCESO ADICIONAL DE MATERIA--TÉRMINO DE MATERIA
Término de materia o nombre geográfico como elemento de entrada Política mundial
9 (RLIN) 3478
Subdivisión cronológica 1989-
942 ## - ELEMENTOS DE ENTRADA SECUNDARIOS (KOHA)
Fuente del sistema de clasificación o colocación Clasificación de Library of Congress
Tipo de ítem Koha Libro
Holdings
Estatus retirado Estado de pérdida Estado de daño No para préstamo Colección Biblioteca de origen Biblioteca actual Ubicación en estantería Fecha de adquisición Signatura topográfica completa Código de barras Visto por última vez Copia número Tipo de ítem Koha
        Ciencias Sociales Biblioteca Juan Bosch Biblioteca Juan Bosch Ciencias Sociales (3er. Piso) 28/01/2021 HN 49 N157e 2014 00000124543 28/01/2021 1 Libro